[Event "RUS-chT blitz (Women)"]
[Site "Sochi"]
[Date "2018.10.10"]
[Round "10.1"]
[White "Sirotkina, Elizaveta"]
[Black "Girya, Olga"]
[Result "0-1"]
[WhiteElo "1234"]
[BlackElo "2479"]
[PlyCount "78"]
[EventDate "2018.10.10"]
[EventType "team-swiss (blitz)"]
[EventRounds "13"]
[EventCountry "RUS"]
[SourceTitle "CBM 186 Extra"]
[Source "ChessBase"]
[SourceDate "2018.08.24"]
[SourceVersion "1"]
[SourceVersionDate "2018.08.24"]
[SourceQuality "1"]
[WhiteTeam "Tatarstan Nab Chelny (W)"]
[BlackTeam "Yugra (W)"]
[WhiteTeamCountry "RUS"]
[BlackTeamCountry "RUS"]

1. e4 c6 2. d4 d5 3. exd5 cxd5 4. Nf3 Nc6 5. c3 Nf6 6. Bg5 Bg4 7. Nbd2 e6 8. Bb5 Rc8 9. 0-0 Be7 10. Rc1 0-0 11. Qc2 h6 12. Bxf6 Bxf6 13. Bxc6 Rxc6 14. Ne5 Bxe5 15. dxe5 Bf5 16. Qd1 Qa5 17. a3 Rb6 18. b4 Qxa3 19. Qb3 Qxb3 20. Nxb3 Rc8 21. f4 Rbc6 22. Nc5 b6 23. Na4 Bd3 24. Rf3 Be4 25. Rff1 Rc4 26. Rfe1 Bf5 27. Re3 Rxb4 28. Ra1 Rxf4 29. Nb2 a5 30. Nd1 Rfc4 31. Ra3 Bg4 32. Nb2 R4c6 33. Nd1 Bxd1 34. Re1 Bg4 35. Rc1 Bf5 36. Kf2 Rc4 37. Kg1 d4 38. Raa1 dxc3 39. Ra2 c2 0-1